000 00375nam a2200169Ia 4500
001 6010
003 IN-NITTTR
005 20251114233014.0
008 251113s9999||||xx |||||||||||||| ||eng||
040 _beng
040 _cIN-NITTTR
041 _aeng
082 _a808.85 N315S
100 _aNehru, Jawaharlal
245 0 _aSpeeches. /
_cNehru, Jawaharlal
942 _2ddc
_cBK
999 _c8648
_d8648